000 00481nam a2200169 i 4500
001 172524
003 ES-MaACL
005 20230906214938.0
008 090715s1962 fr |||| | fre d
080 _a821.133.1-2"19"
100 0 _aGenet, Jean.
_956303
245 1 3 _aLe balcon /
_cJean Genet.
250 _aÉdition définitive.
260 _aDécines (Isère) :
_bMarc Barbezat, L'Arbalète,
_c[1962]
300 _a204 p. ;
_c20 cm.
852 _aES-MaACL
_jE-12843
_9R.139453
999 _c172524
_d172524